Liverpool - Atletico Madrid Champions League 2019-20 - Statistics

General Stats
  • This quiz has been taken 247 times
  • The average score is 23 of 32
Answer Stats
Player % Correct
Mohamed Salah
97%
Roberto Firmino ¹
95%
Virgil van Dijk
95%
Sadio Mané
94%
Trent Alexander-Arnold
94%
Andrew Robertson
91%
Jan Oblak
90%
Jordan Henderson
90%
Álvaro Morata ¹
83%
Diego Simeone
83%
Joe Gomez
82%
Jürgen Klopp
82%
Koke
82%
Georginio Wijnaldum ¹
80%
Fabinho
79%
Adrián
78%
José Giménez
76%
Marcos Llorente ²
75%
Saúl Ñíguez
73%
Stefan Savić
70%
James Milner
67%
Diego Costa
65%
Renan Lodi
64%
João Félix
63%
Kieran Trippier
60%
Ángel Correa
56%
Divock Origi
55%
Felipe
54%
Thomas Partey
53%
Alex Oxlade-Chamberlain
52%
Šime Vrsaljko
35%
Takumi Minamino
30%
No matching quizzes found
Score Distribution
Percent of People with Each Score
Percentile by Number Answered
Your Score History
You have not taken this quiz